000 00454nam a2200145 4500
001 119097
003 ES-MaACL
007 t|
008 070214s1930 fr r ||||1| fre d
100 1 _aPicavet, C.-G.
_991805
245 1 3 _aLa diplomatie française au temps de Louis XIV (1661-1715)
_b: institutions, moeurs et coutumes /
_cC.-G. Picavet.
260 _aParis :
_bFélix Alcan,
_c1930.
300 _a340 p. ;
_c23 x 14 cm.
852 _aES-MaACL
_jB-5059
999 _c119097
_d119097